General Knowledge: Jeopardy Style Quiz Stats

 Plays Quiz Updated Aug 1, 2015

Score 0/30 Timer 08:00
15 Plays Today
% Correct
George Washington
96.6%
Paris
96.3%
Stockholm
92.8%
Richard Nixon
90.1%
Air Force One
89.7%
Abraham Lincoln
89%
Wayne Gretzky
88.6%
Romeo and Juliet
88.6%
The Price is Right Triangle
88.3%
Ulysses S. Grant
86.4%
Bosworth Field of Dreams
86.3%
Chisinau
84.7%
Cowboys and Aliens
83.7%
Lionel Messi
82.3%
Barry Bonds
82%
% Correct
John F. Kennedy
81.8%
Aaron Rodgers
81.7%
Star Wars
81.5%
Larry David Lloyd George
81.5%
Ron Paul Simon
80.5%
Wilt Chamberlain
79%
Sarajevo
77.4%
Belgrade
76.9%
Roger and Me and Bobby McGee
75.4%
Extraordinary Measures
73.3%
Two Gentlemen of Verona
68%
Hamlet
66.6%
Witness
65.4%
King Lear
56.7%
The Merchant of Venice
56.1%

You're not logged in!

Compare scores with friends on all Sporcle quizzes.
OR
Log In

Sporcle TV

Today on Sporcle TV


Watch our educational content, quiz creation guides, and fun videos on Sporcle TV.

Show Comments

Extras

Top Quizzes Today


Score Distribution

Your Account Isn't Verified!

In order to create a playlist on Sporcle, you need to verify the email address you used during registration. Go to your Sporcle Settings to finish the process.

Report this User

Report this user for behavior that violates our Community Guidelines.

Details: